पिंजड़े की उड़ान / (Record no. 116966)

MARC details
000 -LEADER
fixed length control field 01017nam a22002777a 4500
003 - CONTROL NUMBER IDENTIFIER
control field dpl
005 - DATE AND TIME OF LATEST TRANSACTION
control field 20180718141555.0
008 - FIXED-LENGTH DATA ELEMENTS--GENERAL INFORMATION
fixed length control field 180718b xxu||||| |||| 00| 0 eng d
010 ## - LIBRARY OF CONGRESS CONTROL NUMBER
LC control number A-699092
020 ## - INTERNATIONAL STANDARD BOOK NUMBER
Terms of availability 60.00
035 ## - SYSTEM CONTROL NUMBER
System control number A-699092, A-699100
037 ## - SOURCE OF ACQUISITION
Source of stock number/acquisition Cen Lib/Ret
040 ## - CATALOGING SOURCE
Original cataloging agency DPL
Language of cataloging HN
Transcribing agency 0
082 ## - DEWEY DECIMAL CLASSIFICATION NUMBER
Classification number
Item number यशपा
100 ## - MAIN ENTRY--PERSONAL NAME
Personal name यशपाल
9 (RLIN) 6954
245 ## - TITLE STATEMENT
Title पिंजड़े की उड़ान /
Statement of responsibility, etc यशपाल
246 ## - VARYING FORM OF TITLE
Title proper/short title Pinjade ki udan
Remainder of title by Yashpal
260 ## - PUBLICATION, DISTRIBUTION, ETC. (IMPRINT)
Place of publication, distribution, etc इलाहाबाद
Name of publisher, distributor, etc लोकभारती प्रकाशन
Date of publication, distribution, etc 1993
270 ## - ADDRESS
Address 15-ए , महात्मा गाँधी मार्ग
City इलाहाबाद
300 ## - PHYSICAL DESCRIPTION
Extent 111पृष्ठ.
Dimensions 20सेमी(सजिल्द)
650 ## - SUBJECT ADDED ENTRY--TOPICAL TERM
Topical term or geographic name as entry element हिंदी साहित्य
9 (RLIN) 69301
650 ## - SUBJECT ADDED ENTRY--TOPICAL TERM
Topical term or geographic name as entry element हिंदी कहानी
9 (RLIN) 69302
650 ## - SUBJECT ADDED ENTRY--TOPICAL TERM
Topical term or geographic name as entry element Hindi literature
9 (RLIN) 69303
650 ## - SUBJECT ADDED ENTRY--TOPICAL TERM
Topical term or geographic name as entry element Hindi story
9 (RLIN) 43117
942 ## - ADDED ENTRY ELEMENTS (KOHA)
Source of classification or shelving scheme Dewey Decimal Classification
Koha item type Hindi Books
Classification part
Call number suffix यशपाल
Holdings
Withdrawn status Lost status Damaged status Not for loan Home library Current library Date acquired Source of acquisition Cost, normal purchase price Total Checkouts Full call number Barcode Date last seen Copy number Cost, replacement price Price effective from Koha item type Source of classification or shelving scheme Collection code Date checked out
        Central Library Central Library 26/08/2015 Cen Lib /Ret 60.00   क यशपा A-699092 26/08/2015 1 60.00 26/08/2015 Hindi Books      
        Shahdara Branch Shahdara Branch 18/07/2018 BPPD/PUB 60.00 1 क यशपा A-699100 22/03/2019   60.00 18/07/2018 Hindi Books Dewey Decimal Classification Fiction 15/03/2019

© Delhi Public Library
Hit Counter
free hit counter